| 000 | 00626nac a22001691u 4500 | ||
|---|---|---|---|
| 008 | 110721s2006 enk||||| |||| 000 0 eng d | ||
| 082 |
_a428.24 _bSOA _222 |
||
| 100 |
_aSoars, Liz. _913897 |
||
| 245 |
_aNew Headway Plus: _bPre-Intermediate Student`s Book / _cJohn and Liz Soars |
||
| 260 |
_aOxford: _bOxford University Press, 2006 _c2006 |
||
| 300 |
_a143 p. : _bill ; _c28 cm. + _e1 CD-ROM ( 4 3/4 in.) |
||
| 650 |
_aEnglish language _xTextbooks for foreign speakers _926372 |
||
| 650 |
_aEnglish language _xGrammar -- Problems, exercises _926373 |
||
| 653 | _bENG | ||
| 700 |
_917254 _aSoars, John. |
||
| 942 |
_cBB _k428.24 SOA _2ddc |
||
| 999 |
_c5100 _d5100 |
||